| 000 | 00675nam a2200169 a 4500 | ||
|---|---|---|---|
| 005 | 20210223120512.0 | ||
| 008 | 991125s1951 ea 000 0 spa u | ||
| 035 | _aUPN01000002417 | ||
| 049 | _aCG | ||
| 050 | 4 |
_aLC149 _bU5.5 |
|
| 110 | 2 |
_aUnión Panamericana. _bDepartamento de Asuntos Culturales. _bDivisión de Educación |
|
| 245 | 1 | 0 |
_aAmérica contra el analfabetismo : _bdocumento de trabajo para el Consejo Interamericano Cultural / _cUnión Panamericana, Departamento de Asuntos Culturales, División de Educación. |
| 260 |
_aWashington : _bUnión Panamericana, _c1951. |
||
| 300 |
_a77 p. : _bil., gráfs. |
||
| 650 | 4 |
_aANALFABETISMO - _zAMERICA _94902 |
|
| 905 | _aLibro | ||
| 999 |
_c2417 _d2417 |
||